[Event "U12 Blitz"]
[Site "austriaU12b"]
[Date "2020.12.11"]
[Round "5"]
[White "Uhtred08"]
[Black "junglespeed"]
[Result "0-1"]
[WhiteElo "1599"]
[BlackElo "1558"]
[Annotator "NA RC"]
[PlyCount "118"]
[EventDate "2020.12.11"]
[EventType "blitz"]

1. e4 {[%emt 0:00:08]} e5 {[%emt 0:00:02]} 2. Nf3 {[%emt 0:00:02]} Nc6 {[%emt 0:00:01]} 3. Nc3 {[%emt 0:00:04]} Nf6 {[%emt 0:00:02]} 4. Bb5 {[%emt 0:00:04]} Bb4 {[%emt 0:00:02]} 5. O-O {[%emt 0:00:03]} O-O {[%emt 0:00:03]} 6. d3 {[%emt 0:00:01]} Nd4 {[%emt 0:00:02]} 7. Bc4 {[%emt 0:00:51]} a6 {[%emt 0:00:11]} 8. Nd5 {[%emt 0:00:10]} b5 {[%emt 0:00:09]} 9. Nxf6+ {[%emt 0:00:14]} Qxf6 {[%emt 0:00:05]} 10. Bd5 {[%emt 0:00:05]} Nxf3+ {[%emt 0:00:03]} 11. Qxf3 {[%emt 0:00:11]} Qxf3 {[%emt 0:00:02]} 12. gxf3 {[%emt 0:00:01]} c6 {[%emt 0:00:01]} 13. Bb3 {[%emt 0:00:02]} Bb7 {[%emt 0:00:05]} 14. Kh1 {[%emt 0:00:01]} d5 {[%emt 0:00:01]} 15. exd5 {[%emt 0:00:03]} cxd5 {[%emt 0:00:01]} 16. Rg1 {[%emt 0:00:01]} Bc5 {[%emt 0:00:04]} 17. Bh6 {[%emt 0:00:06]} g6 {[%emt 0:00:13]} 18. Bxf8 {[%emt 0:00:02]} Kxf8 {[%emt 0:00:00]} 19. Rg5 {[%emt 0:00:08]} Re8 {[%emt 0:00:05]} 20. Re1 {[%emt 0:00:05]} Bxf2 {[%emt 0:00:01]} 21. Re2 {[%emt 0:00:03]} Bd4 {[%emt 0:00:03]} 22. c3 {[%emt 0:00:03]} Bc5 {[%emt 0:00:07]} 23. Rgxe5 {[%emt 0:00:05]} Rd8 {[%emt 0:00:06]} 24. d4 {[%emt 0:00:17]} Bd6 {[%emt 0:00:12]} 25. Rg5 {[%emt 0:00:10]} Bf4 {[%emt 0:00:01]} 26. Rg4 {[%emt 0:00:02]} Bc7 {[%emt 0:00:08]} 27. Rg5 {[%emt 0:00:08]} Bf4 {[%emt 0:00:05]} 28. Rg4 {[%emt 0:00:01]} Bc7 {[%emt 0:00:02]} 29. Rg1 {[%emt 0:00:02]} a5 {[%emt 0:00:05]} 30. a4 {[%emt 0:00:04]} b4 {[%emt 0:00:04]} 31. cxb4 {[%emt 0:00:06]} axb4 {[%emt 0:00:01]} 32. Rc2 {[%emt 0:00:02]} Bb6 {[%emt 0:00:05]} 33. Rd1 {[%emt 0:00:04]} Ke7 {[%emt 0:00:03]} 34. Kg2 {[%emt 0:00:09]} f5 {[%emt 0:00:04]} 35. Kf2 {[%emt 0:00:03]} Kf6 {[%emt 0:00:02]} 36. Ke3 {[%emt 0:00:03]} Kg5 {[%emt 0:00:02]} 37. Rg1+ {[%emt 0:00:03]} Kf6 {[%emt 0:00:02]} 38. Kd3 {[%emt 0:00:07]} Ba6+ {[%emt 0:00:04]} 39. Kd2 {[%emt 0:00:02]} Rd6 {[%emt 0:00:11]} 40. Re1 {[%emt 0:00:04]} Bxd4 {[%emt 0:00:03]} 41. Re8 {[%emt 0:00:06]} Kf7 {[%emt 0:00:09]} 42. Ra8 {[%emt 0:00:04]} Bb7 {[%emt 0:00:04]} 43. Rb8 {[%emt 0:00:02]} Rd7 {[%emt 0:00:10]} 44. Kd3 {[%emt 0:00:05]} Be5 {[%emt 0:00:02]} 45. Re2 {[%emt 0:00:04]} Bxb8 {[%emt 0:00:02]} 46. Rc2 {[%emt 0:00:03]} Ke6 {[%emt 0:00:06]} 47. Re2+ {[%emt 0:00:02]} Kd6 {[%emt 0:00:02]} 48. Rd2 {[%emt 0:00:02]} Ke5 {[%emt 0:00:02]} 49. Re2+ {[%emt 0:00:02]} Kf4 {[%emt 0:00:01]} 50. Re3 {[%emt 0:00:03]} Ba7 {[%emt 0:00:02]} 51. Re2 {[%emt 0:00:03]} d4 {[%emt 0:00:02]} 52. Rf2 {[%emt 0:00:02]} Ba6+ {[%emt 0:00:01]} 53. Kd2 {[%emt 0:00:02]} d3 {[%emt 0:00:02]} 54. a5 {[%emt 0:00:02]} Bxf2 {[%emt 0:00:02]} 55. Kd1 {[%emt 0:00:03]} d2 {[%emt 0:00:02]} 56. Ba4 {[%emt 0:00:00]} Rd4 {[%emt 0:00:04]} 57. Bd7 {[%emt 0:00:00]} Bb7 {[%emt 0:00:07]} 58. a6 {[%emt 0:00:08]} Bxf3+ {[%emt 0:00:02]} 59. Kc2 {[%emt 0:00:02]} d1=Q# {[%emt 0:00:01] Mate Mate} 0-1

[Event "U12 Blitz"]
[Site "austriaU12b"]
[Date "2020.12.11"]
[Round "5"]
[White "Marty McFly"]
[Black "Feroe09"]
[Result "1-0"]
[WhiteElo "1579"]
[BlackElo "1555"]
[Annotator "NA RC"]
[PlyCount "103"]
[EventDate "2020.12.11"]
[EventType "blitz"]

1. e4 {[%emt 0:00:05]} e5 {[%emt 0:00:03]} 2. Nf3 {[%emt 0:00:01]} Nc6 {[%emt 0:00:01]} 3. Bc4 {[%emt 0:00:03]} Bc5 {[%emt 0:00:01]} 4. Nc3 {[%emt 0:00:03]} Nf6 {[%emt 0:00:01]} 5. d3 {[%emt 0:00:02]} h6 {[%emt 0:00:02]} 6. h3 {[%emt 0:00:02]} b6 {[%emt 0:00:04]} 7. Na4 {[%emt 0:00:02]} Bb4+ {[%emt 0:00:04]} 8. Bd2 {[%emt 0:00:04]} Bxd2+ {[%emt 0:00:02]} 9. Qxd2 {[%emt 0:00:01]} a6 {[%emt 0:00:05]} 10. Nc3 {[%emt 0:00:03]} b5 {[%emt 0:00:02]} 11. Bb3 {[%emt 0:00:01]} Bb7 {[%emt 0:00:03]} 12. Nd5 {[%emt 0:00:01]} O-O {[%emt 0:00:08]} 13. Nxf6+ {[%emt 0:00:02]} Qxf6 {[%emt 0:00:01]} 14. Bd5 {[%emt 0:00:01]} Rad8 {[%emt 0:00:11]} 15. O-O {[%emt 0:00:03]} Rfe8 {[%emt 0:00:03]} 16. Rad1 {[%emt 0:00:12]} Ba8 {[%emt 0:00:02]} 17. Rfe1 {[%emt 0:00:02]} Ne7 {[%emt 0:00:02]} 18. Bxa8 {[%emt 0:00:02]} Rxa8 {[%emt 0:00:00]} 19. d4 {[%emt 0:00:05]} exd4 {[%emt 0:00:09]} 20. Qxd4 {[%emt 0:00:02]} Qxd4 {[%emt 0:00:05]} 21. Nxd4 {[%emt 0:00:02]} c5 {[%emt 0:00:05]} 22. Nf5 {[%emt 0:00:04]} Nxf5 {[%emt 0:00:03]} 23. exf5 {[%emt 0:00:01]} Rxe1+ {[%emt 0:00:03]} 24. Rxe1 {[%emt 0:00:01]} Rd8 {[%emt 0:00:02]} 25. Rd1 {[%emt 0:00:04]} Kf8 {[%emt 0:00:02]} 26. Rd5 {[%emt 0:00:01]} c4 {[%emt 0:00:03]} 27. Rd6 {[%emt 0:00:01]} a5 {[%emt 0:00:02]} 28. Rd5 {[%emt 0:00:01]} Re8 {[%emt 0:00:16]} 29. Rxb5 {[%emt 0:00:10]} Re1+ {[%emt 0:00:03]} 30. Kh2 {[%emt 0:00:02]} Re2 {[%emt 0:00:01]} 31. Rxa5 {[%emt 0:00:05]} Rxc2 {[%emt 0:00:02]} 32. Rb5 {[%emt 0:00:02]} Rxf2 {[%emt 0:00:02]} 33. Kg3 {[%emt 0:00:10]} Rc2 {[%emt 0:00:08]} 34. Rb4 {[%emt 0:00:08]} c3 {[%emt 0:00:05]} 35. bxc3 {[%emt 0:00:03]} Rxc3+ {[%emt 0:00:02]} 36. Kh2 {[%emt 0:00:05]} Rc5 {[%emt 0:00:02]} 37. Rf4 {[%emt 0:00:02]} Ra5 {[%emt 0:00:01]} 38. a4 {[%emt 0:00:02]} Ke7 {[%emt 0:00:02]} 39. Kg3 {[%emt 0:00:02]} Kf6 {[%emt 0:00:01]} 40. Kg4 {[%emt 0:00:02]} d6 {[%emt 0:00:09]} 41. Rd4 {[%emt 0:00:12]} Rxf5 {[%emt 0:00:08]} 42. Rxd6+ {[%emt 0:00:02]} Ke5 {[%emt 0:00:01]} 43. Ra6 {[%emt 0:00:05]} Rf4+ {[%emt 0:00:03]} 44. Kg3 {[%emt 0:00:03]} Kd5 {[%emt 0:00:05]} 45. Kxf4 {[%emt 0:00:03]} Kc5 {[%emt 0:00:01]} 46. Ra8 {[%emt 0:00:02]} Kb6 {[%emt 0:00:02]} 47. Rf8 {[%emt 0:00:02]} f6 {[%emt 0:00:02]} 48. Rg8 {[%emt 0:00:01]} g5+ {[%emt 0:00:03]} 49. Kf5 {[%emt 0:00:01]} Ka5 {[%emt 0:00:01]} 50. Kxf6 {[%emt 0:00:00]} Kxa4 {[%emt 0:00:01]} 51. Kg6 {[%emt 0:00:01]} Kb5 {[%emt 0:00:00]} 52. Kxh6 {[%emt 0:00:01] Feroe09 resigns} 1-0

[Event "U12 Blitz"]
[Site "austriaU12b"]
[Date "2020.12.11"]
[Round "5"]
[White "mario1325"]
[Black "Maier Tobias"]
[Result "1/2-1/2"]
[WhiteElo "1566"]
[BlackElo "1516"]
[Annotator "NA RC"]
[PlyCount "33"]
[EventDate "2020.12.11"]
[EventType "blitz"]

1. d4 {[%emt 0:00:03]} Nf6 {[%emt 0:00:02]} 2. Nc3 {[%emt 0:00:02]} g6 {[%emt 0:00:01]} 3. Bf4 {[%emt 0:00:04]} Bg7 {[%emt 0:00:02]} 4. Nb5 {[%emt 0:00:03]} d6 {[%emt 0:00:06]} 5. Nf3 {[%emt 0:00:02]} O-O {[%emt 0:00:03]} 6. e3 {[%emt 0:00:02]} Re8 {[%emt 0:00:12]} 7. Bc4 {[%emt 0:00:08]} Nc6 {[%emt 0:00:03]} 8. Ng5 {[%emt 0:00:03]} d5 {[%emt 0:00:15]} 9. Nxc7 {[%emt 0:00:09]} dxc4 {[%emt 0:00:07]} 10. Nxa8 {[%emt 0:00:03]} e5 {[%emt 0:00:16]} 11. dxe5 {[%emt 0:00:09]} Qxd1+ {[%emt 0:00:13]} 12. Rxd1 {[%emt 0:00:03]} Nh5 {[%emt 0:00:17]} 13. Nc7 {[%emt 0:00:19]} Re7 {[%emt 0:00:06]} 14. Nd5 {[%emt 0:00:16]} Re8 {[%emt 0:00:21]} 15. Nc7 {[%emt 0:00:19]} Re7 {[%emt 0:00:09]} 16. Nd5 {[%emt 0:00:04]} Re8 {[%emt 0:00:27]} 17. Nc7 {[%emt 0:00:25] Threefold Rep Threefold Rep} 1/2-1/2

[Event "U12 Blitz"]
[Site "austriaU12b"]
[Date "2020.12.11"]
[Round "5"]
[White "JoniFei"]
[Black "Blitzpotz"]
[Result "1/2-1/2"]
[WhiteElo "1520"]
[BlackElo "1428"]
[Annotator "NA RC"]
[PlyCount "148"]
[EventDate "2020.12.11"]
[EventType "blitz"]

1. e4 {[%emt 0:01:43]} e5 {[%emt 0:00:06]} 2. Nf3 {[%emt 0:00:01]} Nc6 {[%emt 0:00:03]} 3. Bc4 {[%emt 0:00:06]} Bc5 {[%emt 0:00:03]} 4. c3 {[%emt 0:00:01]} Nf6 {[%emt 0:00:03]} 5. d3 {[%emt 0:00:03]} d6 {[%emt 0:00:02]} 6. a4 {[%emt 0:00:02]} a5 {[%emt 0:00:03]} 7. Be3 {[%emt 0:00:02]} Bxe3 {[%emt 0:00:04]} 8. fxe3 {[%emt 0:00:02]} Bg4 {[%emt 0:00:06]} 9. O-O {[%emt 0:00:02]} O-O {[%emt 0:00:04]} 10. h3 {[%emt 0:00:01]} Be6 {[%emt 0:00:05]} 11. Nbd2 {[%emt 0:00:02]} Ne7 {[%emt 0:00:08]} 12. Ba2 {[%emt 0:00:05]} c6 {[%emt 0:00:04]} 13. d4 {[%emt 0:00:01]} Qb6 {[%emt 0:00:16]} 14. dxe5 {[%emt 0:00:07]} dxe5 {[%emt 0:00:04]} 15. Kh1 {[%emt 0:00:05]} Qxe3 {[%emt 0:00:04]} 16. Nxe5 {[%emt 0:00:03]} Nxe4 {[%emt 0:00:07]} 17. Nxe4 {[%emt 0:00:04]} Qxe4 {[%emt 0:00:02]} 18. Re1 {[%emt 0:00:02]} Qf5 {[%emt 0:00:18]} 19. Bxe6 {[%emt 0:00:03]} fxe6 {[%emt 0:00:04]} 20. Ng4 {[%emt 0:00:09]} Nd5 {[%emt 0:00:08]} 21. Qe2 {[%emt 0:00:04]} Rae8 {[%emt 0:00:12]} 22. Rf1 {[%emt 0:00:03]} Qg6 {[%emt 0:00:13]} 23. Ne5 {[%emt 0:00:06]} Qg5 {[%emt 0:00:19]} 24. Nf3 {[%emt 0:00:06]} Qg3 {[%emt 0:00:07]} 25. Qf2 {[%emt 0:00:07]} Qxf2 {[%emt 0:00:04]} 26. Rxf2 {[%emt 0:00:01]} e5 {[%emt 0:00:05]} 27. Re1 {[%emt 0:00:02]} e4 {[%emt 0:00:02]} 28. Rfe2 {[%emt 0:00:04]} Nf6 {[%emt 0:00:18]} 29. Nd2 {[%emt 0:00:03]} e3 {[%emt 0:00:04]} 30. Rxe3 {[%emt 0:00:02]} Rxe3 {[%emt 0:00:03]} 31. Rxe3 {[%emt 0:00:01]} Nd5 {[%emt 0:00:01]} 32. Re2 {[%emt 0:00:02]} Kf7 {[%emt 0:00:04]} 33. Nc4 {[%emt 0:00:01]} b6 {[%emt 0:00:22]} 34. Nd6+ {[%emt 0:00:03]} Kg6 {[%emt 0:00:02]} 35. Ne4 {[%emt 0:00:14]} Re8 {[%emt 0:00:05]} 36. Ng3 {[%emt 0:00:06]} Rxe2 {[%emt 0:00:05]} 37. Nxe2 {[%emt 0:00:02]} Ne3 {[%emt 0:00:02]} 38. Nd4 {[%emt 0:00:03]} Nd1 {[%emt 0:00:03]} 39. Nxc6 {[%emt 0:00:06]} Nxb2 {[%emt 0:00:02]} 40. Ne7+ {[%emt 0:00:03]} Kf7 {[%emt 0:00:04]} 41. Nd5 {[%emt 0:00:01]} Nxa4 {[%emt 0:00:03]} 42. Kg1 {[%emt 0:00:01]} b5 {[%emt 0:00:04]} 43. Kf2 {[%emt 0:00:03]} Ke6 {[%emt 0:00:02]} 44. Nc7+ {[%emt 0:00:03]} Kd7 {[%emt 0:00:01]} 45. Nxb5 {[%emt 0:00:01]} Kc6 {[%emt 0:00:02]} 46. Nd4+ {[%emt 0:00:02]} Kd5 {[%emt 0:00:03]} 47. Ne2 {[%emt 0:00:02]} Kc4 {[%emt 0:00:02]} 48. Ke3 {[%emt 0:00:06]} Nxc3 {[%emt 0:00:02]} 49. Nc1 {[%emt 0:00:01]} a4 {[%emt 0:00:03]} 50. g4 {[%emt 0:00:03]} a3 {[%emt 0:00:02]} 51. Kd2 {[%emt 0:00:03]} a2 {[%emt 0:00:02]} 52. Nxa2 {[%emt 0:00:02]} Nxa2 {[%emt 0:00:01]} 53. g5 {[%emt 0:00:02]} Nb4 {[%emt 0:00:02]} 54. h4 {[%emt 0:00:02]} Kd5 {[%emt 0:00:02]} 55. Ke3 {[%emt 0:00:03]} Ke5 {[%emt 0:00:02]} 56. Kf3 {[%emt 0:00:01]} Kf5 {[%emt 0:00:01]} 57. g6 {[%emt 0:00:01]} Kxg6 {[%emt 0:00:03]} 58. Kg4 {[%emt 0:00:01]} h5+ {[%emt 0:00:02]} 59. Kf4 {[%emt 0:00:01]} Nd5+ {[%emt 0:00:02]} 60. Ke5 {[%emt 0:00:02]} Nf6 {[%emt 0:00:02]} 61. Ke6 {[%emt 0:00:01]} Ng4 {[%emt 0:00:01]} 62. Ke7 {[%emt 0:00:02]} Kf5 {[%emt 0:00:02]} 63. Kf7 {[%emt 0:00:01]} g6 {[%emt 0:00:01]} 64. Kg7 {[%emt 0:00:01]} g5 {[%emt 0:00:01]} 65. hxg5 {[%emt 0:00:02]} Kxg5 {[%emt 0:00:01]} 66. Kf7 {[%emt 0:00:02]} h4 {[%emt 0:00:01]} 67. Ke6 {[%emt 0:00:00]} h3 {[%emt 0:00:01]} 68. Kd5 {[%emt 0:00:00]} h2 {[%emt 0:00:01]} 69. Ke4 {[%emt 0:00:00]} h1=Q+ {[%emt 0:00:02]} 70. Kd3 {[%emt 0:00:00]} Qf3+ {[%emt 0:00:02]} 71. Kc4 {[%emt 0:00:00]} Nf6 {[%emt 0:00:03]} 72. Kc5 {[%emt 0:00:00]} Qe4 {[%emt 0:00:02]} 73. Kb6 {[%emt 0:00:00]} Qc4 {[%emt 0:00:02]} 74. Ka5 {[%emt 0:00:00]} Nd5 {[%emt 0:00:03] Stalemate Stalemate} 1/2-1/2

[Event "U12 Blitz"]
[Site "austriaU12b"]
[Date "2020.12.11"]
[Round "5"]
[White "Schragerlaufer"]
[Black "Tobinator13"]
[Result "1-0"]
[WhiteElo "1442"]
[BlackElo "1408"]
[Annotator "NA RC"]
[PlyCount "61"]
[EventDate "2020.12.11"]
[EventType "blitz"]

1. e4 {[%emt 0:00:14]} e5 {[%emt 0:00:02]} 2. Nf3 {[%emt 0:00:02]} Nc6 {[%emt 0:00:02]} 3. Bc4 {[%emt 0:00:09]} Nf6 {[%emt 0:00:09]} 4. Ng5 {[%emt 0:00:04]} d5 {[%emt 0:00:05]} 5. exd5 {[%emt 0:00:13]} Nxd5 {[%emt 0:00:03]} 6. Nxf7 {[%emt 0:00:04]} Qf6 {[%emt 0:00:28]} 7. Bxd5 {[%emt 0:00:17]} Bc5 {[%emt 0:00:07]} 8. O-O {[%emt 0:00:08]} Rf8 {[%emt 0:00:04]} 9. Nc3 {[%emt 0:00:14]} Be6 {[%emt 0:00:09]} 10. Bxe6 {[%emt 0:00:10]} Qxe6 {[%emt 0:00:03]} 11. Ng5 {[%emt 0:00:03]} Qg6 {[%emt 0:00:09]} 12. Nf3 {[%emt 0:00:12]} O-O-O {[%emt 0:00:03]} 13. Re1 {[%emt 0:00:10]} Rde8 {[%emt 0:00:14]} 14. d3 {[%emt 0:00:02]} h6 {[%emt 0:00:19]} 15. h3 {[%emt 0:00:12]} Qf5 {[%emt 0:00:18]} 16. Bd2 {[%emt 0:00:07]} a6 {[%emt 0:00:07]} 17. a3 {[%emt 0:00:13]} Nd4 {[%emt 0:00:08]} 18. Be3 {[%emt 0:00:18]} Nxf3+ {[%emt 0:00:20]} 19. gxf3 {[%emt 0:00:08]} Bxe3 {[%emt 0:00:09]} 20. Rxe3 {[%emt 0:00:08]} Qxh3 {[%emt 0:00:03]} 21. f4 {[%emt 0:00:10]} Qh4 {[%emt 0:00:09]} 22. fxe5 {[%emt 0:00:04]} Qxf2+ {[%emt 0:00:04]} 23. Kh1 {[%emt 0:00:03]} Qxe3 {[%emt 0:00:03]} 24. Qe2 {[%emt 0:00:02]} Qh3+ {[%emt 0:00:10]} 25. Qh2 {[%emt 0:00:02]} Qf3+ {[%emt 0:00:07]} 26. Kg1 {[%emt 0:00:06]} Rf5 {[%emt 0:00:09]} 27. Ne4 {[%emt 0:00:02]} Qg4+ {[%emt 0:00:11]} 28. Qg2 {[%emt 0:00:04]} Rf3 {[%emt 0:00:03]} 29. Qxg4+ {[%emt 0:00:03]} Rf5 {[%emt 0:00:03] '} 30. Qxf5+ {[%emt 0:00:03]} Kb8 {[%emt 0:00:02]} 31. Qf7 {[%emt 0:00:04] TimeB} 1-0

[Event "U12 Blitz"]
[Site "austriaU12b"]
[Date "2020.12.11"]
[Round "6"]
[White "Ppe1968"]
[Black "Schaf2009"]
[Result "1-0"]
[WhiteElo "1890"]
[BlackElo "1784"]
[Annotator "NA RC"]
[PlyCount "48"]
[EventDate "2020.12.11"]
[EventType "blitz"]

1. d4 {[%emt 0:00:08]} Nf6 {[%emt 0:00:03]} 2. Nf3 {[%emt 0:00:01]} e6 {[%emt 0:00:02]} 3. g3 {[%emt 0:00:03]} d5 {[%emt 0:00:03]} 4. c4 {[%emt 0:00:02]} c6 {[%emt 0:00:02]} 5. Bg2 {[%emt 0:00:01]} Nbd7 {[%emt 0:00:04]} 6. O-O {[%emt 0:00:02]} b6 {[%emt 0:00:05]} 7. Nc3 {[%emt 0:00:09]} Bd6 {[%emt 0:00:06]} 8. Nd2 {[%emt 0:00:07]} O-O {[%emt 0:00:08]} 9. e4 {[%emt 0:00:01]} dxe4 {[%emt 0:00:18]} 10. Ndxe4 {[%emt 0:00:01]} Be7 {[%emt 0:00:06]} 11. d5 {[%emt 0:00:06]} cxd5 {[%emt 0:00:12]} 12. cxd5 {[%emt 0:00:02]} exd5 {[%emt 0:00:18]} 13. Nxd5 {[%emt 0:00:24]} Nxd5 {[%emt 0:00:03]} 14. Qxd5 {[%emt 0:00:02]} Ba6 {[%emt 0:00:02]} 15. Rd1 {[%emt 0:00:04]} Nf6 {[%emt 0:00:12]} 16. Nxf6+ {[%emt 0:00:09]} Bxf6 {[%emt 0:00:03]} 17. Qb3 {[%emt 0:00:08]} Qc7 {[%emt 0:00:15]} 18. Bxa8 {[%emt 0:00:04]} Rxa8 {[%emt 0:00:01]} 19. Bf4 {[%emt 0:00:01]} Qc4 {[%emt 0:00:13]} 20. Qf3 {[%emt 0:00:20]} Re8 {[%emt 0:00:06]} 21. Rac1 {[%emt 0:00:15]} Qb5 {[%emt 0:00:16] Schaf2009 offers a draw} 22. b3 {[%emt 0:00:29]} Qb4 {[%emt 0:00:27]} 23. Qc6 {[%emt 0:00:10]} Bb2 {[%emt 0:00:07]} 24. Qxe8+ {[%emt 0:00:02]} Qf8 {[%emt 0:00:03] Schaf2009 resigns (Lag: Av=0.26s, max=0.5s)} 1-0

[Event "U12 Blitz"]
[Site "austriaU12b"]
[Date "2020.12.11"]
[Round "6"]
[White "Peter Balint"]
[Black "Julian17"]
[Result "1-0"]
[WhiteElo "1789"]
[BlackElo "1830"]
[Annotator "NA RC"]
[PlyCount "119"]
[EventDate "2020.12.11"]
[EventType "blitz"]

1. e4 {[%emt 0:00:03]} e6 {[%emt 0:00:01]} 2. d4 {[%emt 0:00:03]} d5 {[%emt 0:00:01]} 3. Nc3 {[%emt 0:00:01]} Nf6 {[%emt 0:00:01]} 4. e5 {[%emt 0:00:01]} Nfd7 {[%emt 0:00:01]} 5. f4 {[%emt 0:00:00]} c5 {[%emt 0:00:01]} 6. Nf3 {[%emt 0:00:00]} Nc6 {[%emt 0:00:01]} 7. Be3 {[%emt 0:00:01]} Qb6 {[%emt 0:00:01]} 8. Na4 {[%emt 0:00:02]} Qa5+ {[%emt 0:00:02]} 9. c3 {[%emt 0:00:01]} cxd4 {[%emt 0:00:01]} 10. b4 {[%emt 0:00:01]} Nxb4 {[%emt 0:00:03]} 11. cxb4 {[%emt 0:00:01]} Bxb4+ {[%emt 0:00:01]} 12. Bd2 {[%emt 0:00:01]} Bxd2+ {[%emt 0:00:03]} 13. Nxd2 {[%emt 0:00:00]} b6 {[%emt 0:00:02]} 14. Nb2 {[%emt 0:00:13]} O-O {[%emt 0:00:48]} 15. Be2 {[%emt 0:00:31]} Ba6 {[%emt 0:00:10]} 16. O-O {[%emt 0:00:08]} Nc5 {[%emt 0:00:03]} 17. Bxa6 {[%emt 0:00:07]} Qxa6 {[%emt 0:00:03]} 18. Nb3 {[%emt 0:00:01]} Qa3 {[%emt 0:00:10]} 19. Nd3 {[%emt 0:00:18]} Rac8 {[%emt 0:00:07]} 20. f5 {[%emt 0:00:12]} Rfe8 {[%emt 0:00:34]} 21. f6 {[%emt 0:00:04]} Ne4 {[%emt 0:00:15]} 22. Qg4 {[%emt 0:00:10]} Qf8 {[%emt 0:00:03]} 23. Nxd4 {[%emt 0:00:17]} Rc4 {[%emt 0:00:12]} 24. fxg7 {[%emt 0:00:10]} Qxg7 {[%emt 0:00:12]} 25. Qxg7+ {[%emt 0:00:01]} Kxg7 {[%emt 0:00:00]} 26. Nf3 {[%emt 0:00:05]} Rec8 {[%emt 0:00:08]} 27. Nf4 {[%emt 0:00:06]} Rc2 {[%emt 0:00:10]} 28. Nh5+ {[%emt 0:00:04]} Kg8 {[%emt 0:00:08]} 29. Nf6+ {[%emt 0:00:17]} Nxf6 {[%emt 0:00:02]} 30. exf6 {[%emt 0:00:01]} h6 {[%emt 0:00:02]} 31. Ne5 {[%emt 0:00:01]} Re2 {[%emt 0:00:08]} 32. Ng4 {[%emt 0:00:01]} h5 {[%emt 0:00:11]} 33. Nf2 {[%emt 0:00:26]} Rcc2 {[%emt 0:00:07]} 34. a4 {[%emt 0:00:12]} Kh7 {[%emt 0:00:02]} 35. Rac1 {[%emt 0:00:04]} Ra2 {[%emt 0:00:06]} 36. Rc7 {[%emt 0:00:04]} Rxa4 {[%emt 0:00:04]} 37. Rxf7+ {[%emt 0:00:02]} Kg6 {[%emt 0:00:01]} 38. Rc7 {[%emt 0:00:07]} Kxf6 {[%emt 0:00:05]} 39. Nd1+ {[%emt 0:00:01]} Ke5 {[%emt 0:00:04]} 40. Nc3 {[%emt 0:00:01]} Kd6 {[%emt 0:00:02]} 41. Rh7 {[%emt 0:00:09]} Rea2 {[%emt 0:00:03]} 42. Nxa4 {[%emt 0:00:02]} Rxa4 {[%emt 0:00:01]} 43. Rff7 {[%emt 0:00:01]} a5 {[%emt 0:00:02]} 44. Rxh5 {[%emt 0:00:03]} b5 {[%emt 0:00:02]} 45. g4 {[%emt 0:00:01]} b4 {[%emt 0:00:01]} 46. g5 {[%emt 0:00:01]} b3 {[%emt 0:00:01]} 47. Rb7 {[%emt 0:00:01]} Rb4 {[%emt 0:00:06]} 48. Rxb4 {[%emt 0:00:03]} axb4 {[%emt 0:00:00]} 49. Rh3 {[%emt 0:00:01]} Kc5 {[%emt 0:00:02]} 50. Rxb3 {[%emt 0:00:01]} Kc4 {[%emt 0:00:01]} 51. Rxb4+ {[%emt 0:00:10]} Kxb4 {[%emt 0:00:01]} 52. g6 {[%emt 0:00:00]} d4 {[%emt 0:00:01]} 53. g7 {[%emt 0:00:00]} d3 {[%emt 0:00:01]} 54. g8=Q {[%emt 0:00:01]} d2 {[%emt 0:00:01]} 55. Qg4+ {[%emt 0:00:01]} Kc3 {[%emt 0:00:01]} 56. Qd1 {[%emt 0:00:01]} e5 {[%emt 0:00:01]} 57. Kf2 {[%emt 0:00:01]} Kd3 {[%emt 0:00:01]} 58. h3 {[%emt 0:00:02]} e4 {[%emt 0:00:01]} 59. Qb3+ {[%emt 0:00:01]} Kd4 {[%emt 0:00:02]} 60. Ke2 {[%emt 0:00:01] Julian17 resigns} 1-0

[Event "U12 Blitz"]
[Site "austriaU12b"]
[Date "2020.12.11"]
[Round "6"]
[White "SimonG08"]
[Black "BlackKnight158"]
[Result "1-0"]
[WhiteElo "1752"]
[BlackElo "1734"]
[Annotator "NA RC"]
[PlyCount "139"]
[EventDate "2020.12.11"]
[EventType "blitz"]

1. e4 {[%emt 0:00:05]} e6 {[%emt 0:00:02]} 2. d4 {[%emt 0:00:04]} d5 {[%emt 0:00:02]} 3. exd5 {[%emt 0:00:01]} exd5 {[%emt 0:00:02]} 4. c3 {[%emt 0:00:07]} Bd6 {[%emt 0:00:06]} 5. Bd3 {[%emt 0:00:03]} c6 {[%emt 0:00:02]} 6. Nf3 {[%emt 0:00:01]} Nf6 {[%emt 0:00:01]} 7. Bg5 {[%emt 0:00:01]} Bg4 {[%emt 0:00:05]} 8. Nbd2 {[%emt 0:00:03]} Nbd7 {[%emt 0:00:02]} 9. h3 {[%emt 0:00:02]} Bh5 {[%emt 0:00:02]} 10. O-O {[%emt 0:00:14]} O-O {[%emt 0:00:03]} 11. Qc2 {[%emt 0:00:03]} Qc7 {[%emt 0:00:04]} 12. a4 {[%emt 0:00:21]} Rfe8 {[%emt 0:00:05]} 13. Rfe1 {[%emt 0:00:04]} h6 {[%emt 0:00:03]} 14. Bxf6 {[%emt 0:00:04]} Nxf6 {[%emt 0:00:02]} 15. b4 {[%emt 0:00:05]} a6 {[%emt 0:00:06]} 16. g4 {[%emt 0:00:21]} Bxg4 {[%emt 0:00:26]} 17. hxg4 {[%emt 0:00:02]} Nxg4 {[%emt 0:00:01]} 18. Bf5 {[%emt 0:00:01]} Nxf2 {[%emt 0:00:33]} 19. Rxe8+ {[%emt 0:00:17]} Rxe8 {[%emt 0:00:05]} 20. Kxf2 {[%emt 0:00:05]} Bg3+ {[%emt 0:00:15]} 21. Kf1 {[%emt 0:00:17]} Qe7 {[%emt 0:00:35]} 22. Qd3 {[%emt 0:00:22]} g6 {[%emt 0:00:18]} 23. Bxg6 {[%emt 0:00:15]} Qe6 {[%emt 0:00:03]} 24. Bf5 {[%emt 0:00:15]} Qd6 {[%emt 0:00:14]} 25. Bg4 {[%emt 0:00:19]} Bh2 {[%emt 0:00:30]} 26. Re1 {[%emt 0:00:16]} Rxe1+ {[%emt 0:00:06] '} 27. Kxe1 {[%emt 0:00:02]} Bg3+ {[%emt 0:00:01]} 28. Kf1 {[%emt 0:00:02]} Qe7 {[%emt 0:00:01]} 29. Qe2 {[%emt 0:00:02]} Qxe2+ {[%emt 0:00:01]} 30. Kxe2 {[%emt 0:00:00]} Bf4 {[%emt 0:00:01]} 31. Ne5 {[%emt 0:00:01]} Bxe5 {[%emt 0:00:01]} 32. dxe5 {[%emt 0:00:00]} Kf8 {[%emt 0:00:01]} 33. Bc8 {[%emt 0:00:01]} Ke7 {[%emt 0:00:01]} 34. Bxb7 {[%emt 0:00:01]} Ke6 {[%emt 0:00:01]} 35. Nf3 {[%emt 0:00:04]} h5 {[%emt 0:00:05]} 36. Bxc6 {[%emt 0:00:02]} h4 {[%emt 0:00:01]} 37. Nxh4 {[%emt 0:00:01]} Kxe5 {[%emt 0:00:01]} 38. Bb7 {[%emt 0:00:02]} Kd6 {[%emt 0:00:02]} 39. Bxa6 {[%emt 0:00:01]} Kc6 {[%emt 0:00:01]} 40. Bd3 {[%emt 0:00:01]} Kb6 {[%emt 0:00:01]} 41. a5+ {[%emt 0:00:01]} Ka7 {[%emt 0:00:02]} 42. Nf5 {[%emt 0:00:01]} d4 {[%emt 0:00:02]} 43. Nxd4 {[%emt 0:00:02]} f6 {[%emt 0:00:01]} 44. Bf5 {[%emt 0:00:03]} Ka6 {[%emt 0:00:04]} 45. Bc8+ {[%emt 0:00:01]} Ka7 {[%emt 0:00:01]} 46. Nb5+ {[%emt 0:00:01]} Kb8 {[%emt 0:00:02]} 47. Kf3 {[%emt 0:00:02]} Ka8 {[%emt 0:00:02]} 48. Kf4 {[%emt 0:00:01]} f5 {[%emt 0:00:01]} 49. Kxf5 {[%emt 0:00:01]} Kb8 {[%emt 0:00:02]} 50. Nd4 {[%emt 0:00:02]} Ka8 {[%emt 0:00:01]} 51. Bb7+ {[%emt 0:00:05]} Ka7 {[%emt 0:00:02]} 52. Nc6+ {[%emt 0:00:06]} Kxb7 {[%emt 0:00:03]} 53. b5 {[%emt 0:00:01]} Ka8 {[%emt 0:00:02]} 54. Nd4 {[%emt 0:00:01]} Kb7 {[%emt 0:00:01]} 55. Ke5 {[%emt 0:00:01]} Ka8 {[%emt 0:00:01]} 56. Kd6 {[%emt 0:00:01]} Ka7 {[%emt 0:00:01]} 57. Nb3 {[%emt 0:00:06]} Kb7 {[%emt 0:00:03]} 58. c4 {[%emt 0:00:03]} Ka8 {[%emt 0:00:02]} 59. c5 {[%emt 0:00:01]} Kb7 {[%emt 0:00:01]} 60. c6+ {[%emt 0:00:01]} Kc8 {[%emt 0:00:03]} 61. c7 {[%emt 0:00:04]} Kb7 {[%emt 0:00:02]} 62. Kd7 {[%emt 0:00:01]} Ka7 {[%emt 0:00:01]} 63. b6+ {[%emt 0:00:02]} Ka6 {[%emt 0:00:03]} 64. c8=Q+ {[%emt 0:00:01]} Kb5 {[%emt 0:00:01]} 65. Qc5+ {[%emt 0:00:01]} Ka6 {[%emt 0:00:01]} 66. Qc4+ {[%emt 0:00:01]} Kb7 {[%emt 0:00:01]} 67. Nc5+ {[%emt 0:00:00]} Kb8 {[%emt 0:00:03]} 68. Qf4+ {[%emt 0:00:01]} Ka8 {[%emt 0:00:02]} 69. b7+ {[%emt 0:00:01]} Ka7 {[%emt 0:00:01]} 70. b8=Q# {[%emt 0:00:01] Mate Mate} 1-0